00714nam a22002177a 450000500170000001000130001702000220003003500130005203700160006504000120008108200130009310000250010624501520013126000500028327000440033330000330037750000200041065000130043065000220044370000310046520170124105955.0 aB-059644 a8121510007c00.00 aB-059644 bCen Lib/Ret aDPLbEN a250bREI aReichelt,Kar Ludving aTruth and tradition in Chinese buddhism :cby Kar Ludving Reichelt:translated by Kathrina Van Wagenen Buggeba study of Chinese mahayana buddhism / aNew DelhibMunshi Manoharlal publishersc2001 a54,Rani Jhansi roadbNew Delhie110055 aviii,330p. :c21cm(Hb)bill. aIncludes index  aBuddhism aMahayana Buddhism aBugge,Kathrina Van Wagenen